| Поле | Инд. | ПП | Название | Значение |
|---|---|---|---|---|
| Тип записи | a | |||
| Библиографический уровень | b | |||
| 001 | Контрольный номер | f1011e1701264145a49383a7fbaaf195 | ||
| 005 | Дата корректировки | 20251211104412.9 | ||
| 024 | 80 | a | Стандартный номер | 10.7868/S3034551025060228 |
| 040 | a | Служба первич. каталог. | РИНЦ | |
| b | Код языка каталог. | rus | ||
| 041 | 0_ | a | Код языка текста | rus |
| 097 | a | Василенко М.А. | ||
| 100 | 1_ | a | Автор | Чареев Д. А. |
| c | Титул (звания) | доцент (ученое звание); кандидат химических наук; профессор (должность); | ||
| i | 000091010 | |||
| g | Прочие сведения | РИНЦ AuthorID: 135561 (http://elibrary.ru/author_profile.asp?id= 135561); SPIN-код: 6270-1872 (http://elibrary.ru/author_items.asp?authorid=135561); Scopus Author ID: 15051531400v (https://www.scopus.com/authid/detail.uri?authorId=15051531400); ORCID ID: http://orcid.org/0000-0002-9380-2680 | ||
| k | Кафедра химии, новых технологий и материалов; Факультет естественных и инженерных наук | |||
| q | Полное имя | Чареев Дмитрий Александрович | ||
| u | Дополнение | Чареев Д. А.; Chareev D. A. | ||
| 100 | 1_ | a | Автор | Зябченков В. О. |
| j | Принадлежность неизвестного автора к последователям, ученикам, сторонникам, школе и т. д. | государственный университет "Дубна" | ||
| 100 | 1_ | a | Автор | Бадмаева С. А. |
| j | Принадлежность неизвестного автора к последователям, ученикам, сторонникам, школе и т. д. | государственный университет "Дубна" | ||
| 245 | 10 | a | Заглавие | Синтез кристаллов предельных сульфидов в серном расплаве в стационарном температурном градиенте |
| 513 | a | не отобрано, выбрана другая версия публикации | ||
| 773 | 18 | t | Название источника | Кристаллография |
| b | Сведения об издании | Федеральное государственное унитарное предприятие "Академический научно-издательский, производственно-полиграфический и книгораспространительский центр "Наука" | ||
| c | Москва | |||
| d | Место и дата издания | 2025 | ||
| m | Специф. данные | входит в Белый список; входит в ядро РИНЦ; журнал из перечня ВАК; ненулевой импакт-фактор; | ||
| n | Примечание | Переводная версия: Crystallography Reports; Soviet Physics. Crystallography | ||
| q | У2 Белый список | |||
| o | Прочие индексы | РИНЦ 1,304 | ||
| x | ISSN | 0023-4761 | ||
| g | Прочая информация | Т. 70. - № 6. - С. 1053 - 1059 | ||
| w | Контрольный № источника | 92271ba329484a60addacde41919d1eb | ||
| 856 | 40 | u | URL | https://www.elibrary.ru/item.asp?id=83250834 |
| 901 | t | Тип документа | b | |
| 952 | c | Вид литературы | статья в журнале |